000
00297cam a2200121ua 4500
082
_a
546
_b
PAR/ME
100
_a
Parkes, G. D .
_9
1689
245
0
0
_a
Mellor`s Modern Inorganic Chemistry /
250
_a
1 /
260
_a
London :
_b
Longman Green and Co ,
_c
1963.
300
_a
1024 ; .
942
_c
BK
999
_c
9369
_d
9369